000 00623nam1a22002051i 4500
001 rc\1188723
005 20240724000742.0
035 _a(NLR Aleph) 005973525
090 _a6957933
_c6957933
100 _a20060320d1985 u |0rusy50 ca
101 0 _arus
102 _aRU
105 _ay |||||||||
200 1 _aПослеуборочная обработка и хранение зерна
_eУказатель...
_fВАСХНИЛ. Центр науч. с.-х. б-ка
210 _aМ.
_cЦНСХБ
_d1985
215 _d20
801 0 _aRU
_bNLR
_gpsbo
801 1 _aRU
_bELAR
_2rusmarc
852 _aNLR
_bС
_jК-1/3071
942 _cBOOK